| 000 | 00504nam a22001937a 4500 | ||
|---|---|---|---|
| 003 | OSt | ||
| 005 | 20140310183028.0 | ||
| 008 | 130216t xxu||||| |||| 00| 0 eng d | ||
| 020 | _a9710863770 | ||
| 050 |
_aQA276 _b.R457 2003 |
||
| 082 |
_aFIL 519.507 _bR33 2003 |
||
| 245 |
_aElementary statistics: _cZamora-Reyes, Carmela O. _b text / workbook |
||
| 300 |
_a 230 p. _c28 cm. |
||
| 521 | _acollege students | ||
| 526 | _c1210L-1700L | ||
| 541 | _j1 | ||
| 562 | _e3 | ||
| 942 |
_2lcc _cBK _kFIL |
||
| 999 |
_c18416 _d18416 |
||